Business Process (Record no. 217035)

MARC details
000 -LEADER
fixed length control field 00525nam a22001817a 4500
008 - FIXED-LENGTH DATA ELEMENTS--GENERAL INFORMATION
fixed length control field 260421b |||||||| |||| 00| 0 eng d
020 ## - INTERNATIONAL STANDARD BOOK NUMBER
International Standard Book Number 9788120341920
050 ## - LIBRARY OF CONGRESS CALL NUMBER
Classification number HD 31 .V46 2011
Item number C.1
100 ## - MAIN ENTRY--PERSONAL NAME
Personal name Venkatachalam, T. A.
245 ## - TITLE STATEMENT
Title Business Process
260 ## - PUBLICATION, DISTRIBUTION, ETC.
Place of publication, distribution, etc. New Delhi
Name of publisher, distributor, etc. PHI Learning Private Limited
Date of publication, distribution, etc. 2011
300 ## - PHYSICAL DESCRIPTION
Extent xv, 316p.:ill.
500 ## - GENERAL NOTE
General note Includes index
650 ## - SUBJECT ADDED ENTRY
Topical term or geographic name entry element 1. Industrial management. 2. Project management.
700 ## - ADDED ENTRY--PERSONAL NAME
Personal name I. Sellappan, C. M.
942 ## - ADDED ENTRY ELEMENTS (KOHA)
Source of classification or shelving scheme Library of Congress Classification
Koha item type Long Loan Book
Holdings
Withdrawn status Lost status Source of classification or shelving scheme Damaged status Not for loan Collection Home library Current library Date acquired Inventory number Total checkouts Full call number Barcode Date last seen Copy number Price effective from Koha item type
    Library of Congress Classification     Business & Economics Kisii University Library Kisii University Library 04/21/2026 113116   HD 31 .V46 2011 A001943 04/21/2026 C.1 04/21/2026 Long Loan Book
    Library of Congress Classification     Business & Economics Kisii University Library Kisii University Library 04/21/2026 113117   HD 31 .V46 2011 A001941 04/21/2026 C.2 04/21/2026 Long Loan Book
    Library of Congress Classification     Business & Economics Kisii University Library Kisii University Library 04/21/2026 113118   HD 31 .V46 2011 A001942 04/21/2026 C.3 04/21/2026 Long Loan Book
    Library of Congress Classification     Business & Economics Kisii University Library Kisii University Library 04/21/2026 113119   HD 31 .V46 2011 A001939 04/21/2026 C.4 04/21/2026 Long Loan Book